| 000 | 00802cam a2200229 4500 | ||
|---|---|---|---|
| 001 | WB3612-17 | ||
| 008 | 000000n2000 000 0 eng u | ||
| 035 | _a(Sirsi) u105002 | ||
| 245 | _aPlanning guide lacks bite | ||
| 260 | _c2000 | ||
| 490 |
_aContract Journal _v 22 March 2000, 6(1) |
||
| 520 | _aThe Chartered Institute of Housing, and the National Housing Federation warn that the revised PPG3 is ineffectual in creating affordable housing. They want local authorities to be given more powers in the planning of new developments. | ||
| 590 | _aWB | ||
| 650 | _aPPG3 | ||
| 650 | _aCIH | ||
| 650 | _aNATIONAL HOUSING FEDERATION | ||
| 650 |
_aAffordable housing _96215 |
||
| 650 | _aLOCAL AUTHORITIES | ||
| 650 | _aSOCIAL EXCLUSION | ||
| 690 |
_aAffordable housing _96215 |
||
| 942 | _n0 | ||
| 999 |
_c62977 _d62977 |
||